Normal view
MARC view
Entry Topical Term
001 - CONTROL NUMBER
- control field: 15415
003 - CONTROL NUMBER IDENTIFIER
- control field: OSt
005 - DATE AND TIME OF LATEST TRANSACTION
- control field: 20211124165943.0
008 - FIXED-LENGTH DATA ELEMENTS
- fixed length control field: 211124|| aca||aabn | a|a d
040 ## - CATALOGING SOURCE
- Original cataloging agency: OSt
- Transcribing agency: OSt
150 ## - HEADING--TOPICAL TERM
- Topical term or geographic name entry element: Marketing -- Management
670 ## - SOURCE DATA FOUND
- Source citation: Work cat.: (OSt): Peter, J. Paul; James H. Donnelly 15414, Marketing management:, Β©2013
